Culture Générale #2 - Statistiques

Statistiques générales
  • Ce quiz a été pris 125 fois
  • Le résultat moyen est 6 sur 15
Statistiques - réponses
Questions Réponse % Correct
À quel peintre doit-on le tableau "Le Déjeuner sur l'herbe" ? Edouard Manet
78%
Quel pays est en conflit avec le Royaume-Uni durant la guerre des Malouines ? Argentine
72%
Quel roi de France est resté celèbre pour avoir bouté les arabes hors de France pendant la bataille de Poitiers ? Charles Martel
65%
Qui fut le deuxième homme a avoir marché sur la Lune ? Buzz Aldrin
63%
Dans quel département français le Viaduc de Millau est-il situé ? Aveyron
54%
Quel ville des Etats-Unis dont le nom est issu d'une ville française est la capitale de l'état du Vermont ? Montpelier
51%
Quel cycliste espagnol a remporté le Tour de France en 2007 et 2009 ? Alberto Contador
49%
Quel service de vidéo à la demande a été lancée en 2020 par les groupes France Télévisions, TF1 et M6 ? Salto
39%
Qui a réalisé le film "Il était une fois en Amérique" ? Sergio Leone
38%
À quel mode et à quel temps la phrase "que tu geignisses" est-elle conjuguée ? Subjonctif Imparfait
35%
Quel chanteur américain ayant vendu plus de 30 millions d'albums a débuté sa carrière dans le groupe N'Sync ? Justin Timberlake
25%
Qui est l'alter ego de Wade Wilson ? Deadpool
19%
Quel programme d'exploration robotique a été envoyé dans l'espace en 1977 par la NASA ? Voyager
15%
Quel mammifère est aussi appelé "loup peint" ou encore "chien sauvage africain" ? Lycaon
13%
Quel écrivain est l'auteur de "Ulysse from Bagdag" Eric-Emmanuel Schmitt
6%
Aucun quiz correspondant
Distribution des résultats
% des personnes avec chaque résultat
Percentile par nombre de réponses
Votre historique - résultats
Vous n’avez pas pris ce quiz